|
|
|
|
| LEADER |
00000nam0a2200000 4500 |
| 001 |
362369 |
| 005 |
20231102011501.0 |
| 035 |
|
|
|a (RuTPU)RU\TPU\retro\19715
|
| 090 |
|
|
|a 362369
|
| 100 |
|
|
|a 20210723d1980 km y0rusy50 ca
|
| 101 |
0 |
|
|a rus
|
| 102 |
|
|
|a RU
|
| 105 |
|
|
|a y z 000zy
|
| 200 |
1 |
|
|a Геохимические методы поисков нефти и газа на Русской платформе
|e межвузовский научный сборник
|f Нижне-Волжский научно-исследовательский институт геологии и геофизики
|
| 210 |
|
|
|a Саратов
|c Изд-во Саратовского ун-та
|d 1980
|
| 215 |
|
|
|a 57 с.
|
| 606 |
1 |
|
|a Нефтегазоносность
|x Геохимия
|2 stltpush
|3 (RuTPU)RU\TPU\subj\45595
|9 64788
|
| 610 |
1 |
|
|a поиски
|
| 610 |
1 |
|
|a геохимические методы
|
| 610 |
1 |
|
|a Русская платформа
|
| 610 |
1 |
|
|a полевые работы
|
| 610 |
1 |
|
|a геохимическая съемка
|
| 610 |
1 |
|
|a методы
|
| 610 |
1 |
|
|a ЭВМ
|
| 610 |
1 |
|
|a применение
|
| 610 |
1 |
|
|a интерпретация результатов
|
| 675 |
|
|
|a 550.98:550.4
|v 4
|
| 712 |
0 |
2 |
|a Нижне-Волжский научно-исследовательский институт геологии и геофизики
|2 stltpush
|3 (RuTPU)RU\TPU\col\12021
|9 25324
|
| 801 |
|
1 |
|a RU
|b 63413507
|c 20210723
|
| 942 |
|
|
|c BK
|